000 00557nam a22002057a 4500
003 OSt
005 20140310182913.0
008 130128t xxu||||| |||| 00| 0 eng d
020 _a9710863193
050 _aPL 6059
_b.Ab116 2009
082 _aFIL 808.04 .Ab2 2009
_b.Ab116 2009
245 _aRetorika (Filipino III)
_cAbad, Maritte Alagad
260 _aMandaluyong City
_bNational Book Store
_c2003
300 _a276 p.
_c23 cm.
521 _acollege students
526 _c1210L-1700L
541 _j1
562 _e2
942 _2lcc
_cBK
_kFIL
999 _c17258
_d17258